[Event "DEM U18 2015"]
[Site "Willingen GER"]
[Date "2015.05.30"]
[Round "9"]
[White "Kramer, Julian"]
[Black "Yankelevich, Lev"]
[Result "0-1"]
[Termination "normal"]
[Board "4"]
[WhiteElo "2322"]
[BlackElo "2401"]
[WhiteClock "00:08:18"]
[BlackClock "01:17:44"]
[PlyCount "94"]
[WhiteFideId "12921742"]
[BlackFideId "24684074"]
[EventCountry "GER"]
[EventRounds "9"]
[EventType "swiss"]
[EventDate "2015.05.23"]

1. e4 c5 2. Nf3 d6 3. d4 cxd4 4. Nxd4 Nf6 5. Nc3 a6 6. Bg5 Nbd7 7. Qe2 h6 8.
Bh4 g6 9. O-O-O e5 10. Nb3 Be7 11. f3 b5 12. a3 Bb7 13. g4 Kf8 14. Bg2 Qc7 15.
Bg3 Kg7 16. Kb1 Rac8 17. f4 exf4 18. Bxf4 Rhe8 19. h4 Ne5 20. Bh3 Rcd8 21. h5
g5 22. Bc1 Qc4 23. Qxc4 bxc4 24. Nd4 Nxe4 25. Nf5+ Kh7 26. Nxe4 Bxe4 27. Rhf1
d5 28. Ng3 Bc5 29. Nxe4 dxe4 30. Rxd8 Rxd8 31. Re1 Nf3 32. Rf1 Re8 33. Bg2 Nh4
34. Bh1 e3 35. Rxf7+ Kh8 36. Bd5 c3 37. bxc3 Bxa3 38. Bxa3 e2 39. Bb2 e1=Q+ 40.
Ka2 Rb8 41. c4+ Rxb2+ 42. Kxb2 Qb4+ 43. Ka1 a5 44. Rc7 a4 45. Ka2 Qc3 46. Rb7
Ng2 47. Re7 Qxc2+ 0-1

[Event "DEM U18 2015"]
[Site "Willingen GER"]
[Date "2015.05.30"]
[Round "9"]
[White "Grimm, Julius"]
[Black "Hess, Max"]
[Result "1/2-1/2"]
[Termination "normal"]
[Board "6"]
[WhiteElo "2108"]
[BlackElo "2221"]
[WhiteClock "00:44:45"]
[BlackClock "00:51:43"]
[PlyCount "41"]
[WhiteFideId "12916986"]
[BlackFideId "24656666"]
[EventCountry "GER"]
[EventRounds "9"]
[EventType "swiss"]
[EventDate "2015.05.23"]

1. d4 Nf6 2. c4 g6 3. Nc3 Bg7 4. e4 d6 5. f3 O-O 6. Be3 Nc6 7. Nge2 a6 8. Qd2
Na5 9. Nc1 Nd7 10. Nb3 c5 11. dxc5 Nxb3 12. axb3 Nxc5 13. Ra3 Be6 14. b4 Nd7
15. Be2 a5 16. Nd5 Bxd5 17. cxd5 axb4 18. Qxb4 Rxa3 19. Qxa3 Qa8 20. Kf2 Qxa3
21. bxa3 1/2-1/2

[Event "DEM U18 2015"]
[Site "Willingen GER"]
[Date "2015.05.30"]
[Round "9"]
[White "Pfreundt, Jakob"]
[Black "Niegsch, Nicolas"]
[Result "1/2-1/2"]
[Termination "normal"]
[Board "7"]
[WhiteElo "2273"]
[BlackElo "2112"]
[WhiteClock "00:12:29"]
[BlackClock "00:16:17"]
[PlyCount "65"]
[WhiteFideId "12918156"]
[BlackFideId "12932140"]
[EventCountry "GER"]
[EventRounds "9"]
[EventType "swiss"]
[EventDate "2015.05.23"]

1. e4 e5 2. Nf3 Nf6 3. Nxe5 d6 4. Nf3 Nxe4 5. d3 Nf6 6. d4 Be7 7. Bd3 O-O 8. h3
b6 9. O-O Bb7 10. Re1 Re8 11. Bg5 h6 12. Bh4 Nh5 13. Bxe7 Rxe7 14. Nbd2 Nf4 15.
Bf1 Nd7 16. g3 Ng6 17. Rxe7 Qxe7 18. Qe2 Re8 19. Re1 Qxe2 20. Rxe2 Kf8 21.
Rxe8+ Kxe8 22. Bd3 Nf6 23. Kf1 Ke7 24. Bf5 Nf8 25. Ke2 g6 26. Bd3 Ne6 27. c3
Nd7 28. h4 Nf6 29. Nc4 Bd5 30. Nfd2 c5 31. dxc5 bxc5 32. a3 Ba8 33. Bc2 1/2-1/2

[Event "DEM U18 2015"]
[Site "Willingen GER"]
[Date "2015.05.30"]
[Round "9"]
[White "Vöge, Tobias"]
[Black "Heldt, Ronny"]
[Result "1-0"]
[Termination "normal"]
[Board "8"]
[WhiteElo "2141"]
[BlackElo "1871"]
[WhiteClock "00:52:47"]
[BlackClock "00:22:09"]
[PlyCount "77"]
[WhiteFideId "1270513"]
[BlackFideId "12903973"]
[EventCountry "GER"]
[EventRounds "9"]
[EventType "swiss"]
[EventDate "2015.05.23"]

1. d4 Nf6 2. c4 g6 3. Nc3 Bg7 4. Bg5 d6 5. e3 O-O 6. Nf3 Nbd7 7. Be2 c6 8. O-O
Qc7 9. Nd2 e5 10. dxe5 dxe5 11. Qc2 Nc5 12. b4 Ne6 13. Bh4 Ne8 14. Rad1 f5 15.
f3 Qb6 16. c5 Qxb4 17. Be7 Rf7 18. Rb1 Qa5 19. Nc4 Qc7 20. Bd6 Nxd6 21. Nxd6
Nxc5 22. Nxf7 Kxf7 23. Ne4 Ne6 24. Ng3 b6 25. Bc4 Qe7 26. e4 f4 27. Nf5 gxf5
28. exf5 c5 29. fxe6+ Bxe6 30. Qf5+ Bf6 31. Qxh7+ Bg7 32. Qf5+ Bf6 33. Rfd1
Bxc4 34. Rd7 Rd8 35. Rbd1 Rxd7 36. Rxd7 Be6 37. Qh7+ Kf8 38. Rxe7 Bxe7 39. Qh8+
1-0

[Event "DEM U18 2015"]
[Site "Willingen GER"]
[Date "2015.05.30"]
[Round "9"]
[White "Hecht, Carsten"]
[Black "Eichstaedt, Mirko"]
[Result "1-0"]
[Termination "normal"]
[Board "9"]
[WhiteElo "2289"]
[BlackElo "2044"]
[PlyCount "185"]
[WhiteFideId "24693928"]
[BlackFideId "24692310"]
[EventCountry "GER"]
[EventRounds "9"]
[EventType "swiss"]
[EventDate "2015.05.23"]

1. e4 c5 2. Nf3 e6 3. d4 cxd4 4. Nxd4 Nc6 5. Nc3 Qc7 6. Be3 a6 7. Qd2 Nf6 8.
O-O-O Bb4 9. f3 O-O 10. Nxc6 bxc6 11. a3 Be7 12. Bc4 d5 13. Bb3 Rd8 14. Qf2 Rb8
15. Bc5 Bxc5 16. Qxc5 Qb6 17. Qxb6 Rxb6 18. Rhe1 Nd7 19. Na4 Rb8 20. Re3 Nb6
21. Red3 Nxa4 22. Bxa4 Bb7 23. c4 Rdc8 24. Kb1 a5 25. R3d2 dxc4 26. Kc2 Ba6 27.
Bxc6 Kf8 28. Ba4 Bb5 29. Bxb5 Rxb5 30. Rd8+ Rxd8 31. Rxd8+ Ke7 32. Rd4 Rb3 33.
Rxc4 Re3 34. Rd4 e5 35. Rd3 Re2+ 36. Rd2 Re1 37. Kd3 a4 38. Re2 Rb1 39. Ke3 g5
40. Kf2 h5 41. Kg3 f6 42. Rc2 Kf7 43. Rc4 Rxb2 44. Rxa4 h4+ 45. Kh3 Kg6 46. Rb4
Ra2 47. Rb3 Kh5 48. g3 Kg6 49. Rc3 Kh5 50. Rc6 Kg6 51. gxh4 gxh4 52. Kxh4 Rxh2+
53. Kg3 Rh1 54. Ra6 Kg5 55. Ra5 Ra1 56. f4+ Kg6 57. fxe5 fxe5 58. Kf3 Kf6 59.
Ke3 Ke6 60. Ra6+ Kd7 61. a4 Kc7 62. Kd2 Kd7 63. a5 Kc7 64. Ke2 Kc8 65. Rc6+ Kd7
66. Rc5 Kd6 67. Rd5+ Ke6 68. Rb5 Kd6 69. Kd3 Rd1+ 70. Ke2 Ra1 71. Kf3 Rh1 72.
Rb6+ Kc7 73. Rb5 Kd6 74. Kg4 Re1 75. Rb6+ Kc7 76. Kf5 Rh1 77. Rg6 Rc1 78. Re6
Rf1+ 79. Kxe5 Rb1 80. a6 Ra1 81. Kf6 Rf1+ 82. Ke7 Rh1 83. e5 Rh7+ 84. Kf6 Kd7
85. Rd6+ Kc7 86. Ke6 Rh6+ 87. Kd5 Rh2 88. Rg6 Rh1 89. Rg7+ Kb6 90. a7 Rd1+ 91.
Ke6 Ra1 92. Rd7 Kc6 93. Ke7 1-0

[Event "DEM U18 2015"]
[Site "Willingen GER"]
[Date "2015.05.30"]
[Round "9"]
[White "Syrov, Arkadi"]
[Black "Ciolek, Andreas"]
[Result "1/2-1/2"]
[Termination "normal"]
[Board "10"]
[WhiteElo "2051"]
[BlackElo "2099"]
[PlyCount "71"]
[WhiteFideId "12942448"]
[BlackFideId "12906727"]
[EventCountry "GER"]
[EventRounds "9"]
[EventType "swiss"]
[EventDate "2015.05.23"]

1. e4 c5 2. d4 cxd4 3. c3 Nf6 4. e5 Nd5 5. Nf3 Nc6 6. cxd4 d6 7. Bc4 Nb6 8. Bb3
dxe5 9. Nxe5 Nxe5 10. dxe5 Qxd1+ 11. Kxd1 Bf5 12. Ke2 e6 13. Rd1 Bc5 14. Be3
Bxe3 15. Kxe3 Ke7 16. Nc3 a6 17. Rd4 Nd7 18. f4 Rhd8 19. Rad1 Nc5 20. Rxd8 Rxd8
21. Rxd8 Kxd8 22. Bc4 b5 23. b4 Nd7 24. Bb3 Kc7 25. Ne2 f6 26. exf6 gxf6 27.
Nd4 Kd6 28. Nxf5+ exf5 29. Bc2 Nb6 30. Kd4 Nd5 31. a3 Ne7 32. g3 Nc6+ 33. Kc3
Ne7 34. Kd4 Nc6+ 35. Kc3 Ne7 36. Kd4 1/2-1/2

[Event "DEM U18 2015"]
[Site "Willingen GER"]
[Date "2015.05.30"]
[Round "9"]
[White "Bilchinski, Anton"]
[Black "Schulz, Lukas"]
[Result "1/2-1/2"]
[Termination "normal"]
[Board "11"]
[WhiteElo "2252"]
[BlackElo "2151"]
[PlyCount "60"]
[WhiteFideId "24615765"]
[BlackFideId "12924881"]
[EventCountry "GER"]
[EventRounds "9"]
[EventType "swiss"]
[EventDate "2015.05.23"]

1. d4 Nf6 2. c4 e5 3. dxe5 Ng4 4. Bf4 Nc6 5. Nf3 Bb4+ 6. Nc3 Bxc3+ 7. bxc3 Qe7
8. Qd5 f6 9. exf6 Nxf6 10. Qd3 d6 11. g3 Ne5 12. Nxe5 dxe5 13. Bg5 Be6 14. Bg2
c6 15. O-O O-O 16. Rab1 Rf7 17. Rb4 a5 18. Ra4 Qc7 19. c5 Qe7 20. Qe3 Bd5 21.
Bh3 Be6 22. Bg2 Bd5 23. f3 Qe6 24. Qd3 Rd8 25. c4 Be4 26. Qc3 Bf5 27. Bc1 Rd4
28. Be3 Rdd7 29. g4 Bg6 30. h4 e4 1/2-1/2

[Event "DEM U18 2015"]
[Site "Willingen GER"]
[Date "2015.05.30"]
[Round "9"]
[White "Hoffmann, Tim"]
[Black "Müller, Nils Samuel"]
[Result "1/2-1/2"]
[Termination "normal"]
[Board "12"]
[WhiteElo "2102"]
[BlackElo "1812"]
[PlyCount "62"]
[WhiteFideId "12900338"]
[BlackFideId "24654361"]
[EventCountry "GER"]
[EventRounds "9"]
[EventType "swiss"]
[EventDate "2015.05.23"]

1. e4 c5 2. Nf3 e6 3. d4 cxd4 4. Nxd4 a6 5. Bd3 Bc5 6. Nb3 Ba7 7. Qe2 Nc6 8.
Be3 Bxe3 9. Qxe3 d6 10. O-O Nf6 11. c4 O-O 12. Nc3 e5 13. Be2 Ne7 14. Rfd1 Qc7
15. Rac1 Be6 16. Na4 Ng6 17. Bf3 Rad8 18. Qb6 Qxb6 19. Nxb6 Nh4 20. Na5 Nxf3+
21. gxf3 Nh5 22. Kh1 Nf4 23. Rd2 Bh3 24. Rg1 f5 25. Rg3 fxe4 26. fxe4 Be6 27.
Rb3 Rf7 28. Rc3 Nh3 29. Kg2 Nf4+ 30. Kh1 Nh3 31. Kg2 Nf4+ 1/2-1/2

[Event "DEM U18 2015"]
[Site "Willingen GER"]
[Date "2015.05.30"]
[Round "9"]
[White "Schäfer, Marlon"]
[Black "Engert, Marvin"]
[Result "0-1"]
[Termination "normal"]
[Board "13"]
[WhiteElo "1669"]
[BlackElo "1727"]
[PlyCount "48"]
[WhiteFideId "16208773"]
[BlackFideId "12901164"]
[EventCountry "GER"]
[EventRounds "9"]
[EventType "swiss"]
[EventDate "2015.05.23"]

1. e4 c5 2. c3 Nf6 3. e5 Nd5 4. d4 cxd4 5. Nf3 e6 6. cxd4 d6 7. Bc4 Nc6 8. a3
Be7 9. exd6 Qxd6 10. Nc3 Nxc3 11. bxc3 O-O 12. O-O Bf6 13. Bg5 Bxg5 14. Nxg5
Qf4 15. Qh5 h6 16. Nf3 b6 17. Rfe1 Bb7 18. Ba2 Ne7 19. Ne5 Nd5 20. Qh3 Qd2 21.
Ng6 fxg6 22. Qxe6+ Kh7 23. Bxd5 Qxf2+ 24. Kh1 Rae8 0-1

[Event "DEM U18 2015"]
[Site "Willingen GER"]
[Date "2015.05.30"]
[Round "9"]
[White "Siegert, Gregor"]
[Black "Brinkmann, Fabian"]
[Result "0-1"]
[Termination "normal"]
[Board "14"]
[WhiteElo "1839"]
[BlackElo "1972"]
[PlyCount "68"]
[WhiteFideId "1271250"]
[BlackFideId "24661414"]
[EventCountry "GER"]
[EventRounds "9"]
[EventType "swiss"]
[EventDate "2015.05.23"]

1. e4 c6 2. d4 d5 3. exd5 cxd5 4. Bd3 Nc6 5. c3 Nf6 6. h3 g6 7. Bf4 Bg7 8. Nf3
O-O 9. O-O Bf5 10. Bxf5 gxf5 11. Nbd2 Ne4 12. Ne5 Rc8 13. Qh5 e6 14. Nxe4 fxe4
15. Rae1 f5 16. f3 Nxe5 17. Bxe5 Bxe5 18. dxe5 Rc7 19. Qh6 Qe8 20. fxe4 dxe4
21. Rd1 Qg6 22. Qxg6+ hxg6 23. Rd6 Re8 24. Kf2 Kf7 25. Ke3 Rc5 26. Kf4 Rd5 27.
c4 g5+ 28. Kxg5 Rxe5 29. g4 Rg8+ 30. Kf4 Rc5 31. b3 Rh8 32. Rd7+ Kf6 33. Rxb7
Rxh3 34. Rxa7 e5# 0-1